Aplikácia výberových metód v audite bánk dizertačná práca

Na minha lista:
Detalhes bibliográficos
Autor principal: Strelcová, Michaela
Autor Corporativo: Ekonomická univerzita v Bratislave. Fakulta hospodárskej informatiky
Outros Autores: Pacáková, Viera
Formato: Livro
Idioma:eslovaco
Publicado em: Bratislava 2010
Assuntos:
Tags: Adicionar Tag
Sem tags, seja o primeiro a adicionar uma tag!

MARC

LEADER 00000nam$a2200000$$$4500
001 0116734
005 20221207094627.8
041 0 |a slo 
044 |a SK 
245 1 0 |a Aplikácia výberových metód v audite bánk  |b dizertačná práca  |c Michaela Strelcová ; škol. Viera Pacáková 
264 1 |a Bratislava  |c 2010 
300 |a 115 s. 
610 2 0 |a banky 
610 2 0 |a audit 
100 1 |a Strelcová, Michaela 
700 1 |a Pacáková, Viera 
710 2 |a Ekonomická univerzita v Bratislave. Fakulta hospodárskej informatiky